000 00471cam a2200193 4500
001 D8771
008 090401t1973 xxu||||| |||| 00| 0 eng d
035 _a(Sirsi) u94721
041 _aeng
050 _a692.5
100 _aSluter, E.
245 _aPricing concrete for building contracts
260 _aAscot
_bInstitute of Building
_c1973
300 _a8p. 30cm
350 _a0
490 _aEstimating Information Service
_v8
942 _n0
948 _c04/03/1997
999 _c98146
_d98146